| 000 | 00688nam a2200205 a 4500 | ||
|---|---|---|---|
| 001 | 000021751 | ||
| 005 | 20200930011433.0 | ||
| 008 | 100910s1997 pr b r 000 0 spa d | ||
| 020 | _a1563281031 | ||
| 040 |
_aDO-SdBNP _bspa _cBNPHU |
||
| 082 |
_a460 _bG216a |
||
| 100 | 1 |
_aGarcía Cabrera, Estela _945203 |
|
| 245 | 1 | 0 |
_aAbriendo caminos : _bEl español como segundo idioma / _cEstela García Cabrera. |
| 260 |
_aSan Juan, Puerto Rico : _bPlaza Mayor, _c1997. |
||
| 300 |
_a749 p. : _bmaps. ; _c27 cm. |
||
| 500 | _aIncluye bibliografía p. [747-749]. | ||
| 500 | _aIncluye referencia biográfica del autor en la contraportada. | ||
| 650 | 4 |
_aEspañol _xEnseñanza _9406 |
|
| 049 | _aBNGR | ||
| 999 |
_c21250 _d21250 |
||